| 000 | 00447nam a22001937a 4500 | ||
|---|---|---|---|
| 003 | OSt | ||
| 008 | 211028b ||||| |||| 00| 0 eng d | ||
| 020 | _a9788122426052 | ||
| 082 | _a658.5 KEP | ||
| 100 | _aKESAVAN,R | ||
| 245 | _aProcess Planning and Cost Estimation | ||
| 250 | _aREP | ||
| 260 |
_aNew Delhi _bNew Age _c2018 |
||
| 300 | _a229 | ||
| 650 | _aME | ||
| 700 | _aELANCHEZHIAN,C | ||
| 700 | _aVIJAYA RAMNATH,B | ||
| 942 |
_2ddc _cBK |
||
| 999 |
_c11022 _d11022 |
||